00651 2200229 4500001002100000005001500021035002000036007000300056008004100059020001500100082001100115084001700126100002400143245011100167250001000278260003500288300003200323650002100355504002500376990001000401990001000411INLIS00000000000589920200710094714 a0010-0720000067ta200710 g 0 ind  a9793762969 a615.85 a615.85 MAH t0 aMAHMUD, Mahir Hasan1 aTerapi Air :bKeampuhan Air Dalam Mengatasi Aneka Penyakit Berdasarkan Wahyu & Sains /cMahir Hasan Mahmud acet.3 aJakarta :bQultum Media,c2007 axxiii,144 hlm ;c15 x 23 cm 4aKESEHATAN ISLAMI aBIBLIOGRAFI: hlm 143 a585 a a585 D